Smart Sensing Technologies for Personalised Coaching (Record no. 191038)

MARC details
000 -LEADER
fixed length control field 00532nmm a2200145Ia 4500
020 ## - INTERNATIONAL STANDARD BOOK NUMBER
ISBN 9783036517902
245 #0 - TITLE STATEMENT
Title Smart Sensing Technologies for Personalised Coaching
260 ## - PUBLICATION, DISTRIBUTION, ETC. (IMPRINT)
Place of publication MDPI - Multidisciplinary Digital Publishing Institute
Year of publication 2021
650 ## - SUBJECT ADDED ENTRY--TOPICAL TERM
Topical Term activity recognition
700 ## - ADDED ENTRY--PERSONAL NAME
Personal name Banos, Oresti||Hermens, Hermie||Nugent, Christopher||Pomares, Hector
856 ## - ELECTRONIC LOCATION AND ACCESS
Uniform Resource Identifier https://directory.doabooks.org/handle/20.500.12854/76677
942 ## - ADDED ENTRY ELEMENTS (KOHA)
Koha item type
Holdings
Withdrawn status Lost status Damaged status Not for loan Permanent Location Current Location Date acquired Price effective from Koha item type
        Library and Documentation Division NCERT Library and Documentation Division NCERT 11/20/2024 11/20/2024